Superheroes by Apron Quiz Stats

 Plays Quiz Updated Aug 20, 2018

Score 0/16 Timer 03:00
5 Plays Today
Answer % Correct
Wonder Woman
98.7%
Superman
97.8%
Batman
96.7%
Spiderman
96.5%
The Incredible Hulk
96.2%
Captain America
94.9%
Flash
93.7%
Green Lantern
93.6%
Answer % Correct
Catwoman
92.4%
Iron Man
88.5%
Deadpool
86.6%
Michelangelo
78.4%
Thor
78.3%
Harley Quinn
75.6%
Wolverine
75.3%
Punisher
72.3%

You're not logged in!

Compare scores with friends on all Sporcle quizzes.
OR
Log In

Sporcle TV

Today on Sporcle TV


Watch our educational content, quiz creation guides, and fun videos on Sporcle TV.

Show Comments

Extras

Top Quizzes Today


Score Distribution

Your Account Isn't Verified!

In order to create a playlist on Sporcle, you need to verify the email address you used during registration. Go to your Sporcle Settings to finish the process.

Report this User

Report this user for behavior that violates our Community Guidelines.

Details: